000 00456nam a2200157 i 4500
001 150355
003 ES-MaACL
005 20230906203458.0
007 t|
008 071030s1973 sp ||||1| spa d
100 1 _aVallet de Goytisolo, Juan B.
_9112906
245 1 0 _aEstudios sobre derecho de cosas /
_cpor Juan B. Vallet de Goytisolo.
260 _aMadrid :
_bMontecorvo,
_c1973.
300 _a612 p. ;
_c25 cm.
852 _aES-MaACL
_jE-7470
_bR.91781
999 _c150355
_d150355